Statistics for Arrested Development - who said it?

Click here to take the quiz!

General Stats

  • This quiz has been taken 72 times
  • The average score is 8 of 10

Answer Stats

QuestionAnswer% Correct
“There’s always money in the banana stand”George Sr
100%
“Marry me!”Maeby
97%
“Army had half day”Buster
92%
“I’m sure Egg is a great person”Michael
92%
“There are dozens of us. Dozens!”Tobias
92%
“I’ve made a huge mistake.”Gob
88%
“Baby you got a stew going”Carl Weathers
82%
“Do we have a case against this idiot family or what?”Maggie Lizer
74%
“I’d rather be dead in California than alive in Arizona”Lucille Bluth
71%
“I'm tired of trying to find happiness through lies and self-medicating. If you need me, I'll be at the bar.”Lindsay
55%

Score Distribution

Percentile by Number Answered

Percent of People with Each Score

Your Score History

You have not taken this quiz